000 00270nam a2200121Ia 4500
008 190216s9999||||xx |||||||||||||| ||und||
100 _aUroob
245 0 _aGopalannairude Thaadi
260 _bPoorna Pubs Kozhikode
300 _a150
650 _aKathakal
942 _cBK
999 _c24982
_d24982